Del proyecto educativo a la programación de aula (Record no. 11500)

MARC details
000 -LEADER
campo de control de longitud fija 01231nmc a2200397 a 4500
003 - IDENTIFICADOR DE NÚMERO DE CONTROL
campo de control AR-BaBNM
005 - FECHA Y HORA DE LA ÚLTIMA TRANSACCIÓN
campo de control 20251128205448.0
008 - DATOS DE LONGITUD FIJA--INFORMACIÓN GENERAL
campo de control de longitud fija 277119s1996 ||||||||||||||000 | spa||
020 ## - NÚMERO INTERNACIONAL ESTÁNDAR DEL LIBRO
Número Internacional Estándar del Libro 84-7827-055-8
040 ## - FUENTE DE CATALOGACIÓN
Centro/agencia transcriptor AR-BaBNM
245 10 - MENCIÓN DEL TÍTULO
Título Del proyecto educativo a la programación de aula
Resto del título el qué, el cuándo y el cómo de los instrumentos de la planificación didáctica
250 ## - MENCION DE EDICION
Mención de edición 8ª ed.
260 ## - PUBLICACIÓN, DISTRIBUCIÓN, ETC.
Lugar de publicación, distribución, etc. Barcelona
Nombre del editor, distribuidor, etc. Graó
Fecha de publicación, distribución, etc. 1996
300 0# - DESCRIPCIÓN FÍSICA
Extensión 149 p.
Otros detalles físicos tablas, diagr.
490 #0 - MENCIÓN DE SERIE
Mención de serie Pedagogía
Designación de volumen o secuencia v. 109
500 0# - NOTA GENERAL
Nota general Contiene referencias bibliográficas al final de cada capítulo
650 #4 - PUNTO DE ACCESO ADICIONAL DE MATERIA--TÉRMINO DE MATERIA
Término de materia o nombre geográfico como elemento de entrada CURRICULO
650 #4 - PUNTO DE ACCESO ADICIONAL DE MATERIA--TÉRMINO DE MATERIA
Término de materia o nombre geográfico como elemento de entrada PLANES DE CLASE
650 #4 - PUNTO DE ACCESO ADICIONAL DE MATERIA--TÉRMINO DE MATERIA
Término de materia o nombre geográfico como elemento de entrada OBJETIVOS EDUCACIONALES
650 #4 - PUNTO DE ACCESO ADICIONAL DE MATERIA--TÉRMINO DE MATERIA
Término de materia o nombre geográfico como elemento de entrada DIDACTICA
650 #4 - PUNTO DE ACCESO ADICIONAL DE MATERIA--TÉRMINO DE MATERIA
Término de materia o nombre geográfico como elemento de entrada SELECCION DE MATERIAL DIDACTICO
650 #4 - PUNTO DE ACCESO ADICIONAL DE MATERIA--TÉRMINO DE MATERIA
Término de materia o nombre geográfico como elemento de entrada REFORMA DE LA EDUCACION
651 #4 - PUNTO DE ACCESO ADICIONAL DE MATERIA--NOMBRE GEOGRÁFICO
Nombre geográfico España
653 #0 - TÉRMINO DE INDIZACIÓN--NO CONTROLADO
Término no controlado CONSTRUCTIVISMO
653 #0 - TÉRMINO DE INDIZACIÓN--NO CONTROLADO
Término no controlado PROYECTO EDUCATIVO INSTITUCIONAL
653 #0 - TÉRMINO DE INDIZACIÓN--NO CONTROLADO
Término no controlado PROYECTOS CURRICULARES
653 #0 - TÉRMINO DE INDIZACIÓN--NO CONTROLADO
Término no controlado EDUCACION PRIMARIA
653 #0 - TÉRMINO DE INDIZACIÓN--NO CONTROLADO
Término no controlado APRENDIZAJE SIGNIFICATIVO
700 1# - ENTRADA AGREGADA--NOMBRE PERSONAL
Nombre de persona Antúnez, Serafín
700 1# - ENTRADA AGREGADA--NOMBRE PERSONAL
Nombre de persona Del Carmen, Luis M.
700 1# - ENTRADA AGREGADA--NOMBRE PERSONAL
Nombre de persona Imbernón, Francisco
700 1# - ENTRADA AGREGADA--NOMBRE PERSONAL
Nombre de persona Parcerisa Aran, Artur
700 1# - ENTRADA AGREGADA--NOMBRE PERSONAL
Nombre de persona Zabala, Antoni
942 ## - ELEMENTOS DE ENTRADA SECUNDARIOS (KOHA)
Tipo de ítem Koha Libros
998 ## - INFORMACIÓN DE CONTROL LOCAL (RLIN)
Iniciales del catalogador, CIN (RLIN) silvi
Holdings
Estatus retirado Estado de pérdida Fuente de la clasificación o esquema de estantería Estado de daño No para préstamo Biblioteca de origen Biblioteca actual Fecha de adquisición Total de préstamos Signatura topográfica completa Código de barras Visto por última vez Precio de reemplazo Tipo de ítem Koha Restricciones de uso
    Clasificación Decimal Dewey     Liberty Liberty 28/11/2025   371.2 ANT 107972 28/11/2025 28/11/2025 Libros  
    Clasificación Decimal Dewey     Liberty Liberty 28/11/2025   371.2 ANT 107973 28/11/2025 28/11/2025 Libros  
    Clasificación Decimal Dewey   No para préstamo Liberty Liberty 28/11/2025   371.2 ANT 107974 28/11/2025 28/11/2025 Libros Acceso restringido